Cameron Diaz Movies - Statistics

General Stats
  • This quiz has been taken 24 times
  • The average score is 6 of 13
Answer Stats
Release Year Costars Movie % Correct
1994 Jim Carrey, Amy Yasbeck The Mask
91%
2000 Lucy Liu, Drew Barrymore Charlie's Angels
86%
1998 Ben Stiller, Matt Dillon There's Something About Mary
68%
2001 Mike Myers, Eddie Murphy Shrek
64%
2011 Jason Segel, Justin Timberlake Bad Teacher
59%
2002 Leonardo DiCaprio, Daniel Day Lewis Gangs of New York
55%
2001 Tom Cruise, Penelope Cruz Vanilla Sky
55%
1999 John Cusack, John Malkovich Being John Malkovich
36%
2010 Tom Cruise, Viola Davis Knight and Day
36%
2011 Seth Rogen, Christoph Waltz The Green Hornet
27%
1999 Al Pacino, Jamie Foxx Any Given Sunday
18%
TBA Jamie Foxx, Glenn Close Back in Action
9%
2013 Michael Fassbender, Penelope Cruz The Counselor
5%
No matching quizzes found
Score Distribution
Percent of People with Each Score
Percentile by Number Answered
Your Score History
You have not taken this quiz